KOHA-Header-6

Dam-e-Laho (Record no. 8595)

000 -LEADER
fixed length control field 00246nam a2200109Ia 4500
100 ## - MAIN ENTRY--AUTHOR NAME
Personal name Hafsah Rehan
245 #0 - TITLE STATEMENT
Title Dam-e-Laho
260 ## - PUBLICATION, DISTRIBUTION, ETC. (IMPRINT)
Place of publication Islamabad
Name of publisher Pakistan PS
Year of publication 1986
300 ## - PHYSICAL DESCRIPTION
Number of Pages 581
942 ## - ADDED ENTRY ELEMENTS (KOHA)
Koha item type Books
Holdings
Withdrawn status Lost status Collection code Permanent Location Current Location Shelving location Date acquired Full call number Accession Number Koha item type
    Urdu Literature MAJU MAJU   2019-09-14 910.2 3432 Urdu Literature

Powered by Koha